Statistiken für Geographie nach Buchstabe - G

Klicken Sie hier um das Quiz zu spielen!

Allgemein

  • Dieses Quiz wurde 7.453 mal gespielt
  • Das Durchschnittsergebnis liegt bei 14 aus 22

Antwortstatistiken

HinweisAntwort% Korrekt
Deutschland, für
englischsprechende Personen
Germany
98%
Größte Insel der WeltGrönland
90%
Berühmteste Brücke KaliforniensGolden Gate
Bridge
84%
Ungarischer EintopfGulasch
84%
Heiligster Fluss der HindusGanges
78%
Größte Stadt in SchottlandGlasgow
78%
Diese Straße trennt Spanien von NordafrikaGibraltar
77%
Südamerikanisches LandGuyana
77%
Ägyptische Stadt bekannt
für ihre Pyramiden
Gizeh
76%
Kaukasisches LandGeorgien
72%
Chinesische WüsteGobi
68%
Ecuadorianische Inselgruppe, wurde
besucht von C. Darwin
Galapagos
67%
Schwedens zweitgrößte StadtGöteborg
66%
Italienische Form des
Vornamens 'Johann'
Giovanni
53%
Größere MeeresbuchtGolf
48%
Spanische Tomatensuppe, kalt serviertGazpacho
44%
"Cowboys" in PatagonienGauchos
39%
Huron, Ontario, Michigan, etc...Große Seen
38%
Ehemaliges Anwesen Elvis'Graceland
36%
Kleines US-Territorium im PazifikGuam
35%
Kleinstadt in Pennsylvania berühmt
für ihre Schlacht (1863)
Gettysburg
34%
Mexikos zweitgrößte MetropolregionGuadalajara
29%

Verteilung der Resultate

Perzentil nach korrekt beantworteten Fragen

Anzahl Personen mit jedem Resultat

Ihre Resultats-Entwicklung

Sie haben dieses Quiz noch nicht gespielt